La América bárbara: primera serie

Guardat en:
Dades bibliogràfiques
Autor principal: Rodríguez Mendoza, Emilio (Autor)
Format: Llibre
Idioma:espanyol
Publicat: Santiago, Chile Ercilla 1933
Col·lecció:Biblioteca Ercilla, 8
Matèries:
Etiquetes: Afegir etiqueta
Sense etiquetes, Sigues el primer a etiquetar aquest registre!

MARC

LEADER 00000cam a2200000 a 4500
001 UCO2895
003 CL-VaPUC
005 20250228103257.0
008 000608e19330000CL |||||||||||||||||spa|d
999 |c 289386  |d 289384 
040 |c Pontificia Universidad Católica de Valparaíso 
082 0 4 |a 980.013 ROD 1933  |2 21 
100 0 |a Rodríguez Mendoza, Emilio  |e author  |9 438084 
245 1 3 |a La América bárbara:  |b  primera serie 
260 |a Santiago, Chile  |b Ercilla  |c 1933 
300 |a 224 páginas 
490 0 |a Biblioteca Ercilla,  |v  8 
583 |a last modification  |c 20120621 01:23:32  |k Rodrigo Vera 
650 0 |a Historia de América  |9 266076 
650 0 |a Virreinatos  |9 445304 
650 0 |a América colonial  |9 446254 
651 0 |a América  |9 255182 
651 0 |a Bolivia  |9 255454 
651 0 |a Chile  |2 CL-VaPUC  |9 254862 
651 0 |a Perú  |9 256567 
852 |a BIBCUR 
942 |c BK  |2 ddc 
945 |d 20000608 00:00:00  |a rherrera 
952 |0 0  |1 0  |2 ddc  |4 0  |6 980_013000000000000_ROD_1933  |7 0  |8 X  |9 337735  |a BIBHIS  |b BIBHIS  |d 2019-11-20  |i 1288792  |o 980.013 ROD 1933  |p 1288792  |r 2024-01-30  |t 1  |w 2019-11-20  |y BK_X  |k HIS 
952 |0 0  |1 0  |2 ddc  |4 0  |6 980_013000000000000_ROD_1933  |7 0  |8 X  |9 337736  |a FDOBUD  |b FDOBUD  |d 2019-11-20  |i 4794923  |o 980.013 ROD 1933  |p 4794923  |r 2019-11-20  |t 2  |w 2019-11-20  |y BK_X  |k BUD